Αυτοκρατορία
Αποθηκεύτηκε σε:
| Κύριος συγγραφέας: | |
|---|---|
| Άλλοι συγγραφείς: | , |
| Μορφή: | Βιβλίο |
| Γλώσσα: | Greek English |
| Δημοσίευση: |
Αθήνα :
Scripta,
2002.
|
| Σειρά: | Πολιτισμική θεωρία - Κριτική (Scripta)
|
| Θέματα: | |
| Ετικέτες: |
Προσθήκη ετικέτας
Δεν υπάρχουν, Καταχωρήστε ετικέτα πρώτοι!
|
MARC
| LEADER | 00000cam a2200000 i 4500 | ||
|---|---|---|---|
| 001 | 1/75371 | ||
| 008 | 080221s2002 gr | ||| |||| ||gre|| | ||
| 020 | |a 9607909453 | ||
| 035 | |l 10094904 | ||
| 040 | |a GR-MyUA |b gre |e AACR2 | ||
| 041 | 1 | |a gre |h eng | |
| 082 | 7 | |a 325.3209045 |2 (22) | |
| 100 | 1 | |a Hardt, Michael. | |
| 245 | 1 | 0 | |a Αυτοκρατορία / |c Michael Hardt - Antonio Negri ; μετάφραση: Νεκτάριος Καλαϊτζής. |
| 260 | |a Αθήνα : |b Scripta, |c 2002. | ||
| 300 | |a 630 σ. ; |c 21 εκ. | ||
| 490 | 1 | |a (Πολιτισμική θεωρία - Κριτική / Scripta) | |
| 500 | |a Τίτλος πρωτοτύπου: Empire. | ||
| 504 | |a Περιέχει βιβλιογραφικές παραπομπές και ευρετήριο. | ||
| 650 | 0 | 0 | |a Imperialism. |
| 700 | 1 | |a Καλαϊτζής, Νεκτάριος, |e trl | |
| 700 | 1 | |a Negri, Antonio, |d 1933- | |
| 830 | 0 | |a Πολιτισμική θεωρία - Κριτική (Scripta) | |
| 852 | |a INST |b LESVOS |e 20080221 |h 325.3209045 HAR |p 005100040167 |q 005100040167 |t BK |y 0 | ||
| 852 | |a INST |b RHODES |e 20091215 |h 325.3209045 HAR |p 005400032204 |q 005400032204 |t BK |y 0 | ||
| 901 | |a BIBL1-2008-1 | ||
| 901 | |a BIBL4-2009-3 | ||
| 909 | |a Λ |b 141828 | ||
| 909 | |a Ρ |b 157229 | ||
| 922 | |a 1ΕΛΗ |b 200711 |c ΕΠΕΑΕΚ2/ΤΚΑ |d Σ. ΠΑΤΑΚΗΣ | ||
| 970 | |a ΚΑΡΑ |b ΓΙΑΣΕΜΗ |z 2008/02/21 | ||